|
|
|
|
| LEADER |
00000nab#a22000007a#4500 |
| 001 |
arbauad006611 |
| 003 |
AR-BaUAD |
| 005 |
20250711110801.0 |
| 008 |
941107|||||||||###||||||b###|0###a|spa|| |
| 040 |
|
|
|a AR-BaUAD
|c AR-BaUAD
|b spa
|
| 245 |
1 |
0 |
|a Restauración de obras de arte
|b transcripciones
|
| 300 |
0 |
|
|b fot.
|
| 500 |
|
|
|a Conferencia de Bonifacio del Carril (28 de mayo de 1984) publicada en La Voz del interior, Córdoba, 30/9/1984. -- El Juicio Final, cuadro restaurado.
|
| 653 |
|
|
|a RESTAURACION
|
| 653 |
|
|
|a OBRAS DE ARTE
|
| 653 |
|
|
|a SIGLO XVIII
|
| 773 |
0 |
|
|t Anuario...
|g Nº12 [1984], p. 28-30
|
| 942 |
|
|
|c ARTI
|
| 952 |
|
|
|0 0
|1 0
|4 0
|7 0
|9 51531
|a AR-BAuAD
|b AR-BAuAD
|d 2025-07-11
|l 0
|p AAQA006611
|r 2025-07-11 11:08:01
|w 2025-07-11
|y ARTI
|
| 990 |
|
|
|a A198
|b TD
|
| 998 |
|
|
|a AAQ
|b BIBUN76
|
| 999 |
|
|
|c 31204
|d 31204
|